Exposition Internationale d'Electricité (Record no. 53526)

MARC details
000 -LEADER
campo de control de longitud fija 00754nam a22002055i 4500
001 - NÚMERO DE CONTROL
campo de control 53526
003 - IDENTIFICADOR DE NÚMERO DE CONTROL
campo de control ES-MaACL
005 - FECHA Y HORA DE LA ÚLTIMA TRANSACCIÓN
campo de control 20230906162801.0
007 - CAMPO FIJO DE DESCRIPCIÓN FÍSICA--INFORMACIÓN GENERAL
campo de control de longitud fija t|
008 - DATOS DE LONGITUD FIJA--INFORMACIÓN GENERAL
campo de control de longitud fija 951002s1881 fr ||||1| fre d
040 ## - FUENTE DE CATALOGACIÓN
Centro catalogador/agencia de origen CAM
Lengua de catalogación spa
Centro/agencia transcriptor CAM
111 2# - ENTRADA PRINCIPAL--NOMBRE DE CONGRESO/REUNIÓN
Nombre de congreso/reunión o jurisdicción como elemento de entrada Exposition Internationale d'Electricité (
Fecha del congreso o de la firma del tratado 1881.
Sede del congreso/Lugar de la reunión Paris)
9 (RLIN) 716
245 10 - MENCIÓN DEL TÍTULO
Título Exposition Internationale d'Electricité
Resto del título : Paris 1881: catalogue général officiel.
260 ## - PUBLICACIÓN, DISTRIBUCIÓN, ETC.
Lugar de publicación, distribución, etc. Paris :
Nombre del editor, distribuidor, etc. A. Lahure,
Fecha de publicación, distribución, etc. [1881?]
300 ## - DESCRIPCIÓN FÍSICA
Extensión 229 p. :
Otras características físicas il. ;
Dimensiones 23 cm.
710 1# - ENTRADA AGREGADA--NOMBRE DE ENTIDAD CORPORATIVA
Nombre de entidad corporativa o nombre de jurisdicción como elemento de entrada Francia.
Unidad subordinada Ministère des Postes et des Télégraphes.
9 (RLIN) 4169
852 ## - LOCALIZACIÓN
Ubicación ES-MaACL
Número de control de estantería Armario 18
condición física Encuadernado con otra obra
Signatura antigua Olim: G-1474 vol. facticio dos obras en un volumen.
942 ## - ELEMENTOS DE ENTRADA SECUNDARIOS (KOHA)
Fuente del sistema de clasificación o colocación Clasificación decimal universal
Holdings
Estatus retirado Estado de pérdida Fuente del sistema de clasificación o colocación Estado de daño No para préstamo Colección Biblioteca de origen Biblioteca actual Ubicación en estantería Fecha de adquisición Total de préstamos Signatura topográfica completa Código de barras Visto por última vez Precio de reemplazo Tipo de ítem Koha
    Clasificación decimal universal     Libros del s. XIX Biblioteca del Ateneo de Madrid Biblioteca del Ateneo de Madrid Depósito 17/01/2008   Armario 18 1056246 23/02/2023 23/02/2023 Libro impreso antiguo